00198 a2200085 4500250001700000245004600017100002900063260000900092300001100101 a2ème éd. aThérapeutique générale de librairie aLes Agrégés du Pharo c1986 a410 p.